| 000 | 00000nas##2200000za#4500 |
| 001 | 9.507935 |
| 003 | CaOODSP |
| 005 | 20210929082751 |
| 007 | cr ||||||||||| |
| 008 | 150406c1993||||xxc|| m o||||f| |0eng|d |
| 040 | |aCaOODSP|beng |
| 043 | |an-cn--- |
| 086 | 1 |aFo64E-PDF |
| 110 | 1 |aCanada. |bNatural Resources Canada. |bCanadian Forest Service. |
| 245 | 10|aForestry technical report |h[electronic resource] |
| 260 | |aOttawa - Ontario : |bNatural Resources Canada. |
| 310 | |aIrregular |
| 775 | 08|tRapport technique de foresterie |w(CaOODSP)9.504313 |
| 776 | 0#|tForestry technical report |w(CaOODSP)9.514666 |
| 776 | 0#|tForestry technical report |w(CaOODSP)9.514667 |